| 000 | 00522cam a2200169 a 4500 | ||
|---|---|---|---|
| 001 | 1578655 | ||
| 005 | 20250612130259.0 | ||
| 008 | 930121s1993 mnu b 001 0 eng | ||
| 020 | _a0800627369 (pbk. : alk. paper) | ||
| 050 | 0 | 0 |
_aBS500 _b.B78 1993 |
| 082 | 0 | 0 |
_a220.6/01 _220 |
| 100 | 1 | _aBrueggemann, Walter. | |
| 245 | 1 | 0 |
_aTexts under negotiation : _bthe Bible and postmodern imagination / _cWalter Brueggemann. |
| 260 |
_aMinneapolis : _bFortress Press, _cc1993. |
||
| 300 |
_ax, 117 p. ; _c22 cm. |
||
| 942 |
_2lcc _cBK _n0 |
||
| 999 |
_c6427 _d6427 |
||